| 000 | 00749cab a2200229 4500 | ||
|---|---|---|---|
| 001 | ABS50975 | ||
| 008 | 090401t1994 xxu||||| |||| 00| 0 eng d | ||
| 035 | _a(Sirsi) u3581 | ||
| 041 | _aeng | ||
| 100 | _aKennedy, D. | ||
| 245 | _aForestry: encouraging new investment | ||
| 260 | _c1994 | ||
| 350 | _a0 | ||
| 490 |
_aForestry & British Timber _v23(7) July 1994, 21-24(3) |
||
| 520 | _aDiscusses ways to improve the forestry investment position, looking at factors such as planting, commission privatisation and the general uncertainty in forestry at the moment. | ||
| 650 | _aFORESTRY INVESTMENT | ||
| 650 | _aFORESTRY MARKET | ||
| 650 | _aTILHILL ECONOMIC FORESTRY LTD | ||
| 690 | _aRURAL PRACTICE | ||
| 942 | _n0 | ||
| 948 | _c04/03/1997 | ||
| 999 |
_c2203 _d2203 |
||